00461nam a22001577a 450000500170000001000140001702000260003103500130005703700130007008200060008310000250008924500640011426000420017827000610022030000220028120100813122953.0 aENG-99887 a9788128825187c100.00 aEN-83419 bDBAD/PUB aN aDebasish, Soumyashri aLove, pride, paradox and prophecy /cby Soumyashri Debasish aNew DelhibDiamond Pocket Booksc2010 aX-30, Okhla Industrial Area, Phase-IIbNew Delhie110020 a223p.c19cm (pbk)